Statystyki dla kraje Ameryki południowej w 15 sekund

Kliknij tutaj aby rozwiązać quiz!

Ogólne statystyki

  • Ten quiz został rozwiązany 1 144 razy
  • Średni wynik to 5 z 12

Statystyki odpowiedzi

Kraj Ameryki płd% Poprawnych
Brazylia
88%
Argentyna
71%
Chile
54%
Peru
50%
Boliwia
43%
Kolumbia
40%
Urugwaj
35%
Ekwador
29%
Paragwaj
29%
Wenezuela
29%
Surinam
27%
Gujana
26%

Rozkład punktacji

Percentyl według liczby udzielonych odpowiedzi

Procent ludzi z każdym wynikiem

Twoja historia wyników

Nie rozwiązałeś tego quizu